000 00618nam a2200229Ia 4500
003 ARRUPE
005 20160216094958.0
008 130307s9999 xx 000 0 und d
040 _cARRUPELIB
050 _aB765.T54G16 1932
100 _aGarin, Pierre
_918639
245 _aLa Theorie de l'idue Gann
245 _bsuivant l'Úcole Thomiste
260 _aParis
260 _bDesclee de Brouwer
260 _c1932
300 _a1260p.
300 _b22cm.
650 _aPHILOSOPHY
_918640
650 _bChurch history--Primitive and early church Church history--Middle ages
_918641
942 _2lcc
_cMONOGRAPH
999 _c86505
_d86505